|
|
|
|
| LEADER |
00802nam a2200253Ia 4500 |
| 008 |
141004s9999 xx 000 0 und d |
| 040 |
|
|
|c a
|
| 041 |
|
|
|a English
|
| 082 |
|
|
|a 597.1
|
| 082 |
|
|
|b KUZ/BI
|
| 100 |
|
|
|a BS Kuzin
|
| 245 |
|
|
|a Biological and hydrological factors of local movements of fish in reservoirs
|
| 245 |
|
|
|c BS Kuzin
|
| 260 |
|
|
|a New Delhi
|
| 260 |
|
|
|b Amerind publishing Co.PVT.LTD
|
| 260 |
|
|
|c 1974
|
| 300 |
|
|
|a 389 p.
|
| 300 |
|
|
|b 24.5 cm
|
| 365 |
|
|
|a Rs.150
|
| 501 |
|
|
|a COF
|
| 650 |
|
|
|a Water masses
|
| 942 |
|
|
|c BK
|
| 999 |
|
|
|c 170339
|d 170339
|
| 952 |
|
|
|0 0
|1 0
|4 0
|6 597_100000000000000_KUZ_BI
|7 0
|9 175605
|a KAUCOF
|b KAUCOF
|d 2040-09-03
|g 150.00
|o 597.1 KUZ/BI
|p KAU_COF-161
|r 2014-10-04
|w 2014-10-04
|y BK
|